Operačná analýza : Operačná analýza v stavebnom podnikaní /

Enregistré dans:
Détails bibliographiques
Auteur principal: Hromníková, Mária, 1940- (Auteur)
Format: Livre
Langue:slovaque
Publié: Bratislava : STU v Bratislave, 1996
Tags: Ajouter un tag
Pas de tags, Soyez le premier à ajouter un tag!

MARC

LEADER 00000nam a22000003a 4500
001 stu30275
005 20150617225738.3
008 970416s1996----xo------------------slo-d
020 |a 80-227-0869-0 
040 |a STU  |b slo 
041 0 |a slo 
044 |a xo 
080 |a 658.11 
080 |a 69(075.8) 
100 1 |a Hromníková, Mária,  |d 1940-  |4 aut  |u V230  |U SvF Stavebná fakulta  |T SvF Katedra ekonomiky a riadenia stavebníctva  |X 895  |U V230|V230  |Y 24  |7 A000000895 
245 1 |a Operačná analýza :  |b Operačná analýza v stavebnom podnikaní /  |c [aut]Hromníková,Mária 
260 |a Bratislava :  |b STU v Bratislave,  |c 1996 
300 |a 161 s 
996 |b 284V029146  |c V*36367/S-96  |l VVT  |s A  |a 24  |w stu30275_0006 
996 |b 284V006268  |c V*36370/S-96  |l VVS  |s A  |a 24  |w stu30275_0008 
996 |b 284V005997  |c V*36371/S-96  |l VVS  |s A  |a 24  |w stu30275_0009